[Event "Northwest Chess Open"]
[Site "Seattle, WA"]
[Date "2013.12.15"]
[Round "5"]
[White "Olson Travis  (WA)"]
[Black "Zhang Jason  (WA)"]
[Result "1-0"]
[WhiteElo "1841"]
[BlackElo "1128"]
[Annotator ""]
[Source ""]
[Remark ""]

1.d4 Nf6 2.c4 c5 3.d5 e6 4.Nc3 exd5 5.cxd5 d6 6.e4 g6 7.f4 Bg7
8.Bb5+ Nfd7 9.a4 a6 10.Be2 Qe7 11.Qc2 O-O 12.Nf3 Re8 13.O-O Bd4+
14.Nxd4 cxd4 15.Nb1 Nf6 16.Bf3 Nbd7 17.b4 Nxe4 18.Re1 f5 19.Nd2
Ndf6 20.Bb2 Nxd5 21.Nxe4 fxe4 22.Rxe4 Be6 23.Rxd4 Rac8 24.Qd2
Nb6 25.Rxd6 Nc4 26.Qd4 Nxb2 27.Rxe6 Red8 28.Bd5 Rxd5 29.Qxd5
Qf7 30.Rd6 Qxd5 31.Rxd5 Rf8 32.g3 Rc8 33.Rd7 Rb8 34.a5 Nc4 35.Rc1
Na3 36.Rcc7 b6 37.axb6 Nb5 38.Kf2 1-0

[Event "Northwest Chess Open"]
[Site "Seattle, WA"]
[Date "2013.12.15"]
[Round "5"]
[White "Pupols Viktors  (WA)"]
[Black "Haining Kyle  (WA)"]
[Result "1/2-1/2"]
[WhiteElo "2200"]
[BlackElo "2077"]
[Annotator ""]
[Source ""]
[Remark ""]

1.d4 g6 2.c4 Bg7 3.Nc3 Nf6 4.e4 d6 5.Nf3 O-O 6.h3 c5 7.d5 e6
8.Bd3 exd5 9.cxd5 Re8 10.O-O a6 11.a4 Qc7 12.Nd2 Nbd7 13.Nc4
Rb8 14.a5 Ne5 15.Nxe5 Rxe5 16.Re1 Nd7 17.Qc2 Re8 18.Bd2 Ne5 19.Bf1
b5 20.axb6 Qxb6 21.Na4 Qb3 22.Qxb3 Rxb3 23.Bc3 g5 24.Be2 Bd7 1/2-1/2

[Event "Northwest Chess Open"]
[Site "Seattle, WA"]
[Date "2013.12.15"]
[Round "5"]
[White "Haining Breck  (WA)"]
[Black "Spasic Petar  (WA)"]
[Result "0-1"]
[WhiteElo "1391"]
[BlackElo "1179"]
[Annotator ""]
[Source ""]
[Remark ""]

1.e4 c5 2.Nf3 d6 3.Nc3 Nf6 4.d4 cxd4 5.Nxd4 Nc6 6.Bb5 Bd7 7.O-O
g6 8.Bg5 Bg7 9.Qd2 O-O 10.Rfe1 a6 11.Nxc6 Bxc6 12.Bc4 Nd7 13.Bh6
Ne5 14.Be2 Re8 15.Bxg7 Kxg7 16.f4 Qb6+ 17.Kh1 Nd7 18.f5 Nf6 19.Nd5
Bxd5 20.exd5 Ne4 21.fxg6 Nf2+ 22.Kg1 Nh3+ 23.Kh1 Qg1+ 24.Rxg1
Nf2# 0-1

[Event "Northwest Chess Open"]
[Site "Seattle, WA"]
[Date "2013.12.15"]
[Round "5"]
[White "Anthony Ralph  (WA)"]
[Black "Schroeder Daymon  (WA)"]
[Result "1-0"]
[WhiteElo "1701"]
[BlackElo "1178"]
[Annotator ""]
[Source ""]
[Remark ""]

1.e4 c5 2.Nf3 Nc6 3.d4 cxd4 4.Nxd4 e5 5.Nb5 d6 6.N1c3 a6 7.Na3
Nf6 8.Bg5 Be7 9.Qd2 b5 10.Bxf6 Bxf6 11.Nd5 Bg5 12.Qc3 Bb7 13.Be2
Rc8 14.O-O Nd4 15.Qd3 Nxe2+ 16.Qxe2 O-O 17.c3 f5 18.f3 Bxd5 19.exd5
Rc5 20.Rad1 Qb6 21.Qf2 b4 22.Nc4 Qc7 23.Ne3 bxc3 24.b4 c2 25.bxc5
cxd1Q 26.Nxd1 Qxc5 27.Qxc5 dxc5 28.Re1 Re8 29.Re2 e4 30.fxe4
fxe4 31.Nc3 Bf6 32.Nxe4 Kf8 33.Kf1 Re5 34.Nxf6 gxf6 35.Rxe5 fxe5
36.Ke2 Ke7 37.Kd3 Kd6 38.Kc4 e4 39.g4 e3 40.Kd3 Kxd5 41.Kxe3
Kc4 42.Kd2 Kb4 43.Kc2 Kc4 44.g5 Kb4 45.h4 Ka3 46.Kb1 c4 47.h5
c3 48.g6 c2+ 49.Kxc2 Kxa2 50.gxh7 a5 51.h8Q a4 52.Qb2# 1-0

[Event "Northwest Chess Open"]
[Site "Seattle, WA"]
[Date "2013.12.15"]
[Round "4"]
[White "Olin Neo  (WA)"]
[Black "MacGregor Logan  (WA)"]
[Result "1-0"]
[WhiteElo "1221"]
[BlackElo "1618"]
[Annotator ""]
[Source ""]
[Remark ""]

1.e4 c5 2.Nf3 d6 3.Bc4 Nc6 4.b3 Nf6 5.d3 a6 6.a4 g6 7.Bb2 Bg7
8.O-O O-O 9.Nc3 Na5 10.Qd2 Nxc4 11.bxc4 Bg4 12.e5 dxe5 13.Nxe5
Be6 14.h3 Qd6 15.Nf3 Rad8 16.Qe3 Rfe8 17.Rfe1 Bd7 18.Nd2 Bc6
19.Nce4 Bxe4 20.Nxe4 Nxe4 21.Bxg7 Kxg7 22.Qxe4 Qc7 23.Rab1 Rb8
24.Qe5+ Qxe5 25.Rxe5 b6 26.f4 a5 27.g4 e6 28.Kf2 Kf6 29.g5+ Ke7
30.Rbe1 Kd6 31.Kf3 h6 32.Kg4 h5+ 33.Kf3 Rbd8 34.h4 Kc6 35.Ke4
Rd4+ 36.Kf3 Red8 37.R5e4 R8d7 38.Re5 Rd8 39.R1e4 R8d7 40.Rxd4
Rxd4 41.Re4 Rd7 42.Re1 Rd4 43.Re4 Rd7 44.Re1 Rd4 45.Rd1 e5 46.fxe5
Rxh4 47.Re1 Kd7 48.Re4 Rxe4 49.Kxe4 Ke6 50.c3 h4 51.d4 cxd4 52.cxd4
h3 53.d5+ 1-0

[Event "Northwest Chess Open"]
[Site "Seattle, WA"]
[Date "2013.12.15"]
[Round "5"]
[White "Gomez J C  (WA)"]
[Black "Piper August  (WA)"]
[Result "1-0"]
[WhiteElo "1514"]
[BlackElo "1500"]
[Annotator ""]
[Source ""]
[Remark ""]

1.e4 c5 2.d4 cxd4 3.c3 d5 4.cxd4 dxe4 5.Nc3 Nf6 6.Bg5 Nbd7 7.Bb5
a6 8.Bxd7+ Bxd7 9.Bxf6 gxf6 10.Nxe4 Qa5+ 11.Nc3 e5 12.Nge2 O-O-O
13.O-O Kb8 14.Qe1 Bc6 15.dxe5 fxe5 16.Ng3 Rg8 17.Rd1 f6 18.Rxd8+
Qxd8 19.f3 Qb6+ 20.Kh1 Qxb2 21.Nce4 Be7 22.Rf2 Qb6 23.Nf5 Bb4
24.Rb2 Bxe1 25.Rxb6 Ba5 26.Nxf6 Rf8 {??} ( 26...Rd8 $19 ) 27.Rxc6
Rd8 28.Rc1 Ka7 29.Ne4 Rf8 30.g4 h5 31.h3 Bb6 32.Kg2 Bd4 33.Rc4
hxg4 34.hxg4 Rd8 35.g5 b5 36.Rc6 Kb7 37.Rd6 Kc7 38.Rxd8 Kxd8
39.Nxd4 exd4 40.f4 Kc7 41.f5 a5 42.Kf2 b4 43.Nc5 Kd6 44.g6 Kxc5
45.g7 a4 46.g8Q d3 47.Ke3 1-0

[Event "Northwest Chess Open"]
[Site "Seattle, WA"]
[Date "2013.12.15"]
[Round "5"]
[White "Ackerman Ryan  (WA)"]
[Black "Vaintroub Maximilian  (WA)"]
[Result "1-0"]
[WhiteElo "1889"]
[BlackElo "1804"]
[Annotator ""]
[Source ""]
[Remark ""]

1.d4 Nf6 2.c4 e6 3.Nc3 Bb4 4.Qc2 O-O 5.a3 Bxc3+ 6.Qxc3 b6 7.f3
Bb7 8.e4 d5 9.cxd5 exd5 10.e5 Nfd7 11.Be3 Re8 12.f4 Na6 13.b4
Rc8 14.Bd3 c5 15.Qd2 c4 16.Bc2 Qe7 17.Ne2 f6 18.Ng3 fxe5 19.Nf5
Qe6 20.fxe5 Rc7 21.O-O Rf8 22.Nd6 g6 23.Bh6 Rd8 24.Qg5 Rb8 25.Bf5 1-0

[Event "Northwest Chess Open"]
[Site "Seattle, WA"]
[Date "2013.12.15"]
[Round "5"]
[White "Bonrud Neal  (WA)"]
[Black "Seshadri Sridhar  (WA)"]
[Result "1/2-1/2"]
[WhiteElo "1824"]
[BlackElo "1674"]
[Annotator ""]
[Source ""]
[Remark ""]

1.d4 d5 2.c4 e6 3.Nc3 Nc6 4.Bf4 a6 5.e3 Nf6 6.Nf3 Be7 7.h3 dxc4
8.Bxc4 Nd5 9.Bh2 b5 10.Be2 Nxc3 11.bxc3 Bf6 12.O-O Bb7 13.Rb1
O-O 14.a4 Na7 15.axb5 Nxb5 16.Bxb5 axb5 17.Ne5 Qd5 18.Nf3 c6
19.Qb3 Ra4 20.Qxd5 exd5 21.Bd6 Rfa8 22.Ne5 Bxe5 23.Bxe5 Bc8 24.g4
f6 25.Bd6 Ra2 26.Bb4 Be6 27.Kg2 Bf7 28.Kg3 Bg6 29.Rbc1 Bd3 30.Rfe1
Rb2 31.Ra1 Rba2 32.Rac1 h6 33.f3 Bc4 34.e4 dxe4 35.fxe4 Rd2 36.Ra1
Raa2 37.Rxa2 Rxa2 38.e5 fxe5 39.Rxe5 Bd5 40.Re7 Kh7 41.Re3 g5
42.h4 gxh4+ 43.Kxh4 Rh2+ 44.Kg3 Rg2+ 45.Kh3 1/2-1/2

[Event "Northwest Chess Open"]
[Site "Seattle, WA"]
[Date "2013.12.15"]
[Round "5"]
[White "Mathews Dan  (WA)"]
[Black "Olin Neo  (WA)"]
[Result "1-0"]
[WhiteElo "1750"]
[BlackElo "1221"]
[Annotator ""]
[Source ""]
[Remark ""]

1.e4 c5 2.Nf3 d6 3.d4 cxd4 4.Nxd4 Nf6 5.Nc3 g6 6.Bb5+ Bd7 7.Bxd7+
Nbxd7 8.O-O Bg7 9.Nb3 O-O 10.Be3 Ne5 11.Nd2 b6 12.h3 Rc8 13.Qe2
d5 14.exd5 Nxd5 15.Nxd5 Qxd5 16.c3 Nc4 17.Nxc4 Qxc4 18.Qxc4 Rxc4
19.Rad1 Ra4 20.a3 e5 21.Rd7 f5 22.Rfd1 f4 23.Bc1 a5 24.Rb7 Rf6
25.b3 Re4 26.Kf1 f3 27.Rd8+ Bf8 28.Bh6 g5 29.Rxf8+ Rxf8 30.Bxf8
Kxf8 31.Rxb6 fxg2+ 32.Kxg2 Re2 33.Kf3 Rc2 34.Rc6 Ke7 35.b4 axb4
36.axb4 Kd7 37.Rc4 Ke6 38.Ke3 Kd5 39.Rc8 Rb2 40.c4+ Kd6 41.b5
e4 42.Kxe4 Rxf2 43.Rc6+ Kd7 44.Rh6 Rf4+ 45.Kd5 Rf5+ 46.Kd4 Rf4+
47.Kc5 Rf7 48.Ra6 h5 49.Ra7+ Ke6 50.Rxf7 Kxf7 51.b6 1-0

[Event "Northwest Chess Open"]
[Site "Seattle, WA"]
[Date "2013.12.14"]
[Round "1"]
[White "Haining Kyle  (WA)"]
[Black "Raffel Brian  (WA)"]
[Result "1-0"]
[WhiteElo "2077"]
[BlackElo "1619"]
[Annotator ""]
[Source ""]
[Remark ""]

1.e4 c5 2.Nf3 d6 3.d4 cxd4 4.Nxd4 Nf6 5.Nc3 a6 6.Be3 Nc6 7.f4
e6 8.Qf3 Qc7 9.O-O-O e5 10.Nde2 b5 11.f5 Bb7 12.Ng3 Be7 13.Nh5
O-O-O 14.Nxf6 Bxf6 15.Nd5 Nd4 16.Rxd4 Bxd5 17.Rxd5 Qa5 18.Bd2
Qxa2 19.Qa3 Qxa3 20.bxa3 Rd7 21.Kb2 Kc7 22.Be2 Kc6 23.Rc1 g6
24.c4 gxf5 25.cxb5+ Kb7 26.bxa6+ Ka8 27.Bb5 Rb8 28.Ka2 Rdd8 29.Rc7
f4 30.Bc6+ 1-0

[Event "Northwest Chess Open"]
[Site "Seattle, WA"]
[Date "2013.12.14"]
[Round "1"]
[White "Pupols Viktors  (WA)"]
[Black "Cherepakhin Olga  (WA)"]
[Result "1-0"]
[WhiteElo "2200"]
[BlackElo "1703"]
[Annotator ""]
[Source ""]
[Remark ""]

1.d4 d5 2.c4 e6 3.Nc3 Nf6 4.Bg5 Be7 5.e3 O-O 6.Qc2 b6 7.cxd5
Nxd5 8.Bxe7 Qxe7 9.e4 Nxc3 10.bxc3 Bb7 11.Nf3 c5 12.Bd3 Nd7 13.e5
h6 14.Be4 Bd5 15.Bxd5 exd5 16.O-O Rac8 17.Qd3 Qe6 18.Nd2 Rfd8
19.f4 f5 20.g4 g6 21.Rf2 Rf8 22.Nf3 Kh7 23.Nh4 Rf7 24.Raf1 Rcf8
25.gxf5 gxf5 26.Rg2 Rg8 27.Rxg8 Kxg8 28.Rf3 Kh7 29.Rg3 Nb8 30.Rg2
Nc6 31.Rg6 c4 32.Qg3 Qe8 33.Rxh6+ Kxh6 34.Qg6# 1-0

[Event "Northwest Chess Open"]
[Site "Seattle, WA"]
[Date "2013.12.15"]
[Round "4"]
[White "Raffel Brian  (WA)"]
[Black "Anthony Ralph  (WA)"]
[Result "1-0"]
[WhiteElo "1619"]
[BlackElo "1701"]
[Annotator ""]
[Source ""]
[Remark ""]

1.e4 d6 2.d4 Nf6 3.Nc3 g6 4.f4 Bg7 5.Nf3 c5 6.e5 dxe5 7.fxe5
Ng4 8.h3 cxd4 9.Nb5 Nxe5 10.Bf4 Nxf3+ 11.Qxf3 e5 12.Bg3 a6 13.Bc4
O-O 14.Qa3 Bf5 15.Nd6 Bxc2 16.O-O Bf5 17.Nxf5 gxf5 18.Rxf5 Nc6
19.Qf3 Qe7 20.Qg4 h6 21.Bh4 h5 22.Qg3 Qc5 23.Bf6 1-0

[Event "Northwest Chess Open"]
[Site "Seattle, WA"]
[Date "2013.12.14"]
[Round "3"]
[White "Haining Kyle  (WA)"]
[Black "Nagase Masayuki  (WA)"]
[Result "1-0"]
[WhiteElo "2077"]
[BlackElo "1926"]
[Annotator ""]
[Source ""]
[Remark ""]

1.e4 c5 2.Nf3 Nc6 3.d4 cxd4 4.Nxd4 g6 5.c4 Bg7 6.Be3 Nh6 7.Be2
O-O 8.Qd2 Nxd4 9.Bxd4 Bxd4 10.Qxd4 f5 11.Nc3 fxe4 12.O-O b6 {??}
13.Qd5+ e6 14.Qxa8 Qg5 15.Qxe4 Rf4 16.Qa8 Rf8 17.Rad1 Nf5 18.Qe4
Ne7 19.g3 d5 20.cxd5 exd5 21.Nxd5 Nf5 22.Bc4 Kg7 23.h4 Qd8 24.Qe5+
Kh6 25.Ne3 Qf6 1-0

[Event "Northwest Chess Open"]
[Site "Seattle, WA"]
[Date "2013.12.14"]
[Round "2"]
[White "Schroeder Daymon  (WA)"]
[Black "Ackerman Ryan  (WA)"]
[Result "1-0"]
[WhiteElo "1178"]
[BlackElo "1889"]
[Annotator ""]
[Source ""]
[Remark ""]

1.d4 Nf6 2.c4 e6 3.Nc3 c5 4.Nf3 d5 5.e3 Nc6 6.dxc5 Bxc5 7.cxd5
exd5 8.Nd4 O-O 9.Be2 Qe7 10.O-O Bd6 11.Bf3 Qe5 12.g3 Bh3 13.Re1
Rfe8 14.Nxc6 bxc6 15.e4 d4 16.Bf4 Qe7 17.e5 dxc3 18.exd6 Qxe1+
19.Qxe1 Rxe1+ 20.Rxe1 cxb2 21.Rb1 Re8 22.Bd2 Rb8 23.Bc3 Kf8 24.Rxb2
Rxb2 25.Bxb2 Be6 26.Bxc6 Bxa2 27.d7 Ke7 {%02
  (The scoresheet ends here with 28. Be4, which seems unlikely as it loses
outright.  Perhaps what was meant was 28. Bd4.  Any advantage for White is slight, so maybe Black's flag fell.)}
 1-0

[Event "Northwest Chess Open"]
[Site "Seattle, WA"]
[Date "2013.12.14"]
[Round "3"]
[White "Pupols Viktors  (WA)"]
[Black "Peterson Chris  (WA)"]
[Result "1-0"]
[WhiteElo "2200"]
[BlackElo "1843"]
[Annotator ""]
[Source ""]
[Remark ""]

1.c4 c5 2.Nf3 Nc6 3.g3 g6 4.Bg2 Bg7 5.O-O d6 6.Nc3 Nf6 7.d3 e5
8.Bg5 h6 9.Bd2 O-O 10.a3 a5 11.Ne1 Nd4 12.e3 Ne6 13.Nc2 Rb8 14.b4
Bd7 15.bxa5 Bc6 16.Nd5 Nxd5 17.cxd5 e4 18.dxc6 Bxa1 19.Nxa1 bxc6
20.dxe4 Qf6 21.Qc1 Rb2 22.Bc3 Nd4 23.exd4 Rb7 24.dxc5 Qg5 25.Qxg5
hxg5 26.cxd6 Rd8 27.e5 Rb5 28.f4 gxf4 29.gxf4 Rc5 30.Bb4 Rc4
31.Nb3 Rd7 32.Nc5 1-0

[Event "Northwest Chess Open"]
[Site "Seattle, WA"]
[Date "2013.12.14"]
[Round "2"]
[White "Tafalla Gabriel  (WA)"]
[Black "Pupols Viktors  (WA)"]
[Result "0-1"]
[WhiteElo "1704"]
[BlackElo "2200"]
[Annotator ""]
[Source ""]
[Remark ""]

1.e4 c6 2.d4 d5 3.e5 c5 4.c3 Nc6 5.h3 Bf5 6.Nf3 e6 7.Bd3 Bg6
8.O-O a6 9.b3 cxd4 10.Bxg6 hxg6 11.cxd4 Be7 12.Be3 Qd7 13.Nbd2
Bd8 14.a3 a5 15.Rc1 Nge7 16.Qe2 Nf5 17.Nb1 Be7 18.Rc2 O-O 19.g4
Nh6 20.Nh2 Rfc8 21.f4 Nd8 22.Rxc8 Rxc8 23.f5 exf5 24.g5 f4 25.gxh6
fxe3 26.Qxe3 gxh6 27.Qxh6 Bf8 28.Qe3 Bg7 29.Ng4 Qc6 30.Nf6+ Bxf6
31.exf6 Ne6 32.Qh6 Qb6 33.Rd1 Qxb3 34.Re1 Qg3+ 35.Kf1 Qf3+ 36.Kg1
Qxf6 0-1

[Event "Northwest Chess Open"]
[Site "Seattle, WA"]
[Date "2013.12.14"]
[Round "1"]
[White "Gomez J C  (WA)"]
[Black "Nagase Masayuki  (WA)"]
[Result "0-1"]
[WhiteElo "1514"]
[BlackElo "1926"]
[Annotator ""]
[Source ""]
[Remark ""]

1.e4 c5 2.d4 cxd4 3.c3 dxc3 4.Nxc3 e6 5.Nf3 Ne7 6.Bc4 Ng6 7.O-O
Be7 8.Nb5 O-O 9.Be3 a6 10.Nd6 Qc7 11.Nxc8 Rxc8 12.Rc1 Nc6 13.Qe2
Rab8 14.Rfd1 b5 15.Bd3 Rd8 16.Nd4 Bf6 17.Qc2 Rbc8 18.a4 Qa5 19.Bd2
Qb6 20.Nxc6 dxc6 21.a5 Qc7 22.b4 Be7 23.Be3 Qb7 24.Bb6 Rd7 25.Qb2
Bd8 26.Bd4 Bg5 27.Rc5 Be7 28.Rcc1 Rcd8 29.Bb1 e5 30.g3 Rxd4 31.Rxd4
Rxd4 32.f4 Rxb4 33.Qc2 exf4 34.gxf4 Nxf4 35.e5 g6 36.Rd1 Qc8
37.Kh1 Qh3 38.Rg1 Qf3+ 0-1

[Event "Northwest Chess Open"]
[Site "Seattle, WA"]
[Date "2013.12.14"]
[Round "2"]
[White "Mathews Dan  (WA)"]
[Black "Haining Kyle  (WA)"]
[Result "0-1"]
[WhiteElo "1818"]
[BlackElo "2077"]
[Annotator ""]
[Source ""]
[Remark ""]

1.e4 g6 2.d4 Bg7 3.Nf3 d6 4.Nc3 Nf6 5.Be2 O-O 6.O-O Nc6 7.d5
Nb8 8.h3 b6 9.Nd4 Bb7 10.f4 c5 11.Nb3 a6 12.Bf3 Qc7 13.Be3 b5
14.a3 Nbd7 15.Nd2 Rac8 16.Ne2 e6 17.c4 Rfe8 18.Bf2 exd5 19.cxd5
c4 20.g4 Nc5 21.Bxc5 Qxc5+ 22.Kg2 Qe3 23.Re1 Nd7 24.Nf1 Qd3 25.Rb1
Nc5 26.Nfg3 Nb3 27.Qxd3 cxd3 28.Nc3 Bxc3 29.bxc3 Rxc3 30.Bd1
Bxd5 31.Re3 Nd2 32.Rb4 Rxa3 33.Rd4 Bc4 34.Rxd6 b4 35.f5 Ra2 36.Kg1
Ra1 37.Rexd3 Rxd1+ 38.Kg2 Bxd3 39.Rxd3 b3 40.Ne2 b2 41.Nc3 Nxe4 0-1

[Event "Northwest Chess Open"]
[Site "Seattle, WA"]
[Date "2013.12.14"]
[Round "2"]
[White "Buck Stephen  (WA)"]
[Black "Pothukuchi Revanth  (WA)"]
[Result "0-1"]
[WhiteElo "1804"]
[BlackElo "1209"]
[Annotator ""]
[Source ""]
[Remark ""]

1.e4 c5 2.Nf3 d6 3.d4 cxd4 4.Nxd4 Nf6 5.Nc3 a6 6.Be3 e6 7.Qd2
Be7 8.Be2 O-O 9.f3 Nc6 10.Nb3 b5 11.O-O Bb7 12.a4 b4 13.Na2 a5
14.c3 bxc3 15.Nxc3 Nb4 16.Rfd1 d5 17.e5 Nd7 18.f4 Qb8 19.Nb5
Rc8 20.Rdc1 Bc6 21.Rc3 Qb7 22.Nc5 Nxc5 23.Bxc5 Bxc5+ 24.Rxc5
Qb6 25.Qe3 Bxb5 26.Bxb5 Qxc5 27.Qxc5 Rxc5 0-1

[Event "Northwest Chess Open"]
[Site "Seattle, WA"]
[Date "2013.12.15"]
[Round "4"]
[White "Nagase Toshihiro  (WA)"]
[Black "Pupols Viktors  (WA)"]
[Result "1/2-1/2"]
[WhiteElo "1930"]
[BlackElo "2200"]
[Annotator ""]
[Source ""]
[Remark ""]

1.d4 d5 2.c4 e6 3.Nc3 Nf6 4.Bg5 c5 5.e3 cxd4 6.exd4 Be7 7.Nf3
O-O 8.Bd3 dxc4 9.Bxc4 Nc6 10.O-O Nd5 11.Bxe7 Ncxe7 12.Re1 Nxc3
13.bxc3 Nd5 14.Qd2 b6 15.Re5 Bb7 16.Bd3 g6 17.c4 Nc7 18.Qf4 f6
19.Re3 Qd7 20.Rd1 Rf7 21.Bc2 b5 22.Bb3 bxc4 23.Bxc4 Nd5 24.Bxd5
Bxd5 25.Rc1 Rc8 26.Rec3 Rxc3 27.Rxc3 Bxa2 28.h3 Bd5 29.Qb8+ Rf8
30.Qf4 g5 31.Qd2 Rc8 32.Re3 Bxf3 33.Rxf3 Kg7 34.h4 Qc7 35.hxg5
Qc1+ 36.Qxc1 Rxc1+ 37.Kh2 fxg5 38.Ra3 Rc7 39.Kg3 Kf6 40.f4 Rg7
41.fxg5+ Rxg5+ 42.Kf3 a5 43.g4 h5 44.gxh5 Rxh5 45.Ke2 Ke7 46.Ra4
Kd6 47.Kd3 Kc6 48.Kc4 Rd5 49.Ra1 e5 50.dxe5 Rxe5 51.Kb3 Kb5 52.Rf1
a4+ 53.Ka2 Re2+ 54.Ka3 Re3+ 55.Ka2 Kb4 56.Rf4+ Kc3 57.Ka3 Re1
58.Kxa4 Rb1 59.Rf3+ Kc4 60.Rf4+ Kc3 1/2-1/2

[Event "Northwest Chess Open"]
[Site "Seattle, WA"]
[Date "2013.12.14"]
[Round "1"]
[White "Olin Neo  (WA)"]
[Black "Buck Stephen  (WA)"]
[Result "1-0"]
[WhiteElo "1221"]
[BlackElo "1804"]
[Annotator ""]
[Source ""]
[Remark ""]

1.f4 d5 2.b3 Nf6 3.Bb2 e6 4.Nf3 c5 5.e3 Nc6 6.Bb5 Bd7 7.O-O Be7
8.d3 O-O 9.Nbd2 a6 10.Bxc6 Bxc6 11.Ne5 Rc8 12.Ndf3 b5 13.Qe1
( 13.Nxc6 Rxc6 14.Ne5 Rc8 15.Rf3 Nd7 16.Rg3 Nxe5 17.fxe5 Bg5
18.Qg4 Bh6 19.Rf1 Kh8 20.e4 dxe4 21.Bc1 Qd4+ 22.Kh1 Qxe5 23.Bxh6
gxh6 24.Qxe4 Qxe4 25.dxe4 f5 26.Rgf3 Rcd8 27.g4 f4 28.Rxf4 Rxf4
29.Rxf4 Kg7 30.Kg2 Rd2+ 31.Rf2 Rxf2+ 32.Kxf2 Kf6 33.h4 Kg6 34.Ke3
e5 35.Kd3 h5 36.g5 Kf7 37.a3 a5 38.a4 bxa4 39.bxa4 Ke6 40.Kc4
Kd6 41.Kb5 c4 42.Kxc4 {1-0, Daza Maria Jose (ESP) - Mainz Mendivil Izaskun, Oropesa (Spain) 2001}
) Nd7 14.a4 bxa4 15.Nxc6 Rxc6 16.Rxa4 Bf6 17.Bxf6 Qxf6 18.Qa1
Qxa1 19.Rfxa1 Nb8 20.Kf2 Rfc8 21.Ke2 Kf8 22.Kd2 f6 23.g4 Ke7
24.g5 Kd6 25.gxf6 gxf6 26.Rg1 R6c7 27.e4 d4 28.e5+ fxe5 29.Nxe5
Rf8 30.Rf1 Rg7 31.Rf2 Ra7 32.b4 Rb7 33.Nc4+ Kd5 34.bxc5 Kxc5
35.Na5 Rb4 36.Nb3+ Kb5 37.Rxb4+ Kxb4 38.Nxd4 Rf6 39.Re2 a5 40.c3+
Ka3 41.Re1 Kb2 42.Nxe6 a4 43.Re4 a3 44.Rb4+ Ka2 45.Rxb8 Rxe6
46.c4 Ka1 47.c5 Rh6 48.Ke3 Rxh2 49.c6 Rh6 50.c7 Re6+ 51.Kd2 Rc6
52.c8Q 1-0

[Event "Northwest Chess Open"]
[Site "Seattle, WA"]
[Date "2013.12.14"]
[Round "2"]
[White "Golub David  (WA)"]
[Black "Wang James  (WA)"]
[Result "1-0"]
[WhiteElo "2238"]
[BlackElo "1716"]
[Annotator ""]
[Source ""]
[Remark ""]

1.Nf3 d5 2.d4 Nf6 3.c4 c6 4.Nc3 e6 5.e3 Nbd7 6.Qc2 Bd6 7.b3 O-O
8.Be2 e5 9.cxd5 cxd5 10.Nb5 Bb8 11.Ba3 Qa5+ 12.Qd2 Qxd2+ 13.Nxd2
Re8 14.Rc1 exd4 15.Nxd4 a6 16.Nf5 Nb6 17.Ne7+ Kh8 18.Nxc8 Rxc8
19.Rxc8+ Nxc8 20.O-O Nd6 21.Rc1 h6 22.Nf3 Nfe4 23.Kf1 Ba7 24.Bxd6
Nxd6 25.Rd1 Rc8 26.Rxd5 Ne4 27.Bd3 Nf6 28.Re5 Rd8 29.Ke2 Rd5
30.Bc4 Rd7 31.Rf5 b5 32.Ne5 Rc7 33.Bxf7 Rc2+ 34.Kf3 Rxa2 35.g4
a5 36.Ng6+ Kh7 37.Rxb5 a4 38.Rb7 axb3 39.Nf8+ Kh8 40.Bxb3 Rb2
41.h4 Rb1 42.h5 Rb2 43.Ng6+ Kh7 44.Rxa7 Rxb3 45.Ra8 Ng8 46.Kf4
Rb5 1-0

[Event "Northwest Chess Open"]
[Site "Seattle, WA"]
[Date "2013.12.14"]
[Round "2"]
[White "Bonrud Neal  (WA)"]
[Black "Chen Kevin  (WA)"]
[Result "1-0"]
[WhiteElo "1831"]
[BlackElo "1590"]
[Annotator ""]
[Source ""]
[Remark ""]

1.d4 Nf6 2.Bf4 d5 3.e3 Bf5 4.Nf3 Nh5 5.Bg3 Nxg3 6.hxg3 Nd7 7.Bd3
Bxd3 8.Qxd3 Nb6 9.Rxh7 Rxh7 10.Qxh7 Qd6 11.Qd3 e6 12.Ne5 c6 13.Nd2
Qc7 14.Ndf3 O-O-O 15.Ng5 f6 16.Nxe6 Qe7 17.Nxf8 Qxf8 18.Qf5+
Kb8 19.Nd3 Nc4 20.b3 Qa3 21.Ke2 Nd6 22.Qf4 Ka8 23.f3 Nb5 24.Kd2
Qa5+ 25.Ke2 Qc3 26.Rc1 Re8 27.Kf1 Qd2 28.e4 Qxf4 29.gxf4 dxe4
30.Re1 e3 31.Nc5 Nxd4 32.c3 Nb5 33.c4 Nc3 34.a3 e2+ 35.Kf2 Nd1+
36.Kg1 Re3 37.f5 Re7 38.Ne4 Rd7 39.Rxe2 b6 40.Kf1 Rd3 41.Ng3
Rxb3 42.Re8+ Kb7 43.Re7+ Ka6 44.Rxg7 Ne3+ 45.Ke2 Nxc4 46.Rg6
Rb2+ 47.Ke1 Ne5 48.Rxf6 Rxg2 49.Ne2 Nxf3+ 50.Kf1 Rg5 51.Rf8 c5
52.Kf2 Nh4 53.Ng3 c4 54.f6 c3 55.Rc8 Rc5 56.Rxc5 bxc5 57.Ke2
Kb5 58.Kd3 a5 59.Ne4 1-0

[Event "Northwest Chess Open"]
[Site "Seattle, WA"]
[Date "2013.12.14"]
[Round "3"]
[White "Haining Breck  (WA)"]
[Black "Shanmukam Rajesh  (WA)"]
[Result "0-1"]
[WhiteElo "1391"]
[BlackElo "1326"]
[Annotator ""]
[Source ""]
[Remark ""]

1.e4 e5 2.Nf3 Nc6 3.d4 exd4 4.Nxd4 Nxd4 5.Qxd4 Nf6 6.Nc3 c5 7.Qe5+
Be7 8.Bg5 O-O 9.Bxf6 gxf6 10.Qg3+ Kh8 11.O-O-O Rg8 12.Qf3 d6
13.h3 Be6 14.Nd5 Bxd5 15.Rxd5 Qa5 16.Kb1 b5 17.Bd3 Rac8 18.Rxd6
c4 19.Be2 c3 20.Rd5 a6 21.Qe3 Qb4 22.b3 Bc5 23.Rxc5 Rxc5 24.Bf3
Qa3 25.Qc1 Qxc1+ 26.Kxc1 Rd8 27.b4 Rc4 28.a3 Rd7 29.Rf1 a5 30.bxa5
Ra4 31.Bd1 Rxa3 32.Kb1 Rxa5 33.g4 b4 34.h4 b3 ( 34...Rda7 35.e5
Ra1# ) 0-1

[Event "Northwest Chess Open"]
[Site "Seattle, WA"]
[Date "2013.12.14"]
[Round "3"]
[White "Mathews Dan  (WA)"]
[Black "Chi Quentin  (WA)"]
[Result "0-1"]
[WhiteElo "1818"]
[BlackElo "1926"]
[Annotator ""]
[Source ""]
[Remark ""]

1.e4 c5 2.Nf3 e6 3.c3 d5 4.exd5 exd5 5.d4 Bd6 6.Be2 Nf6 7.O-O
O-O 8.dxc5 Bxc5 9.Bf4 Nc6 10.h3 Re8 11.Nbd2 Ne4 12.Nxe4 dxe4
13.Qxd8 Rxd8 14.Nd2 Bf5 15.Nb3 Bd6 16.Bxd6 Rxd6 17.Rad1 Rad8
18.Rxd6 Rxd6 19.Rd1 Rxd1+ 20.Bxd1 Ne5 21.Be2 Be6 22.Nc1 f5 23.b3
Kf7 24.Bd1 g5 25.Ne2 Nc6 26.Bc2 Kf6 27.Ng3 Ke5 28.Nf1 Ne7 29.Ne3
f4 30.Nd1 h5 31.Kf1 g4 32.hxg4 Bxg4 33.Nb2 b5 34.f3 exf3 35.Nd3+
Ke4 36.Ne1+ Ke3 37.Nxf3 Bxf3 38.gxf3 Kd2 39.Be4 Kxc3 40.Kg2 b4
41.Kh3 Kb2 42.Kh4 Kxa2 43.Bc2 Kb2 44.Bd1 Nd5 45.Kg5 Nc3 46.Kxf4
Nxd1 47.Ke4 Nc3+ 48.Ke5 0-1

[Event "Northwest Chess Open"]
[Site "Seattle, WA"]
[Date "2013.12.14"]
[Round "2"]
[White "Nagase Toshihiro  (WA)"]
[Black "Anthony Ralph  (WA)"]
[Result "1/2-1/2"]
[WhiteElo "1941"]
[BlackElo "1701"]
[Annotator ""]
[Source ""]
[Remark ""]

1.d4 Nf6 2.c4 c5 3.d5 b5 4.Nd2 Qa5 5.e3 bxc4 6.Bxc4 g6 7.Ngf3
Bg7 8.O-O O-O 9.e4 d6 10.Qc2 Nbd7 11.Nb3 Qc7 12.Bd2 a5 13.Bc3
a4 14.Nbd2 Ba6 15.Bxa6 Rxa6 16.Nc4 Rb8 17.Nfd2 Rba8 18.f4 Nb6
19.h3 a3 20.b3 Nxc4 21.Nxc4 Nd7 22.Bxg7 Kxg7 23.Qc3+ Kg8 24.Rf3
Nf6 25.Re1 Rf8 26.g4 Qd7 27.Kh2 Nxg4+ 28.hxg4 Qxg4 29.Qe3 f6
30.Rg1 Qd7 31.Rh3 Kg7 32.Qg3 Rh8 33.Qh4 Qe8 34.Qh6+ Kf7 35.Rxg6
Ra8 36.Rg7+ ( 36.Qg7# ) Kf8 37.Rxh7+ Kg8 1/2-1/2

[Event "Northwest Chess Open"]
[Site "Seattle, WA"]
[Date "2013.12.14"]
[Round "1"]
[White "Wang James  (WA)"]
[Black "Zhang Jason  (WA)"]
[Result "1-0"]
[WhiteElo "1716"]
[BlackElo "1128"]
[Annotator ""]
[Source ""]
[Remark ""]

1.e4 e5 2.Nf3 Nc6 3.Bb5 a6 4.Ba4 Nf6 5.O-O b5 6.Bb3 Be7 7.Re1
O-O 8.c3 d6 9.h3 h6 10.d4 Re8 11.Nbd2 exd4 12.cxd4 Nb4 13.Nf1
Nc6 14.Ng3 Na5 15.Bc2 Nc6 16.d5 Ne5 17.Nd4 Bd7 18.Ngf5 Bxf5 19.Nxf5
Bf8 20.f4 Ng6 21.Bd2 Qd7 22.Qf3 Kh8 23.Bc3 Qd8 24.Rad1 a5 25.b3
b4 26.Bb2 c6 27.dxc6 Qb6+ 28.Nd4 Nh4 29.Qf2 Ng6 30.Bb1 Qa7 31.g3
Ne7 32.c7 Qxc7 33.Nb5 Qc5 34.Nxd6 Qxf2+ 35.Kxf2 Reb8 36.Nxf7+
Kg8 37.Nxh6+ gxh6 38.Bxf6 Kf7 39.e5 Nc6 40.Be4 Rc8 41.Rc1 Ra6
42.Bd5+ Ke8 43.Re2 Kd7 44.Rec2 Ne7 45.Rxc8 Nxc8 46.Bb7 1-0